Statistics for More Geography by Letter - A

Click here to take the quiz!

General Stats

  • This quiz has been taken 196 times
  • The average score is 12 of 21

Answer Stats

ClueAnswer% Correct
Country known for Mozart, Beethoven, SchubertAustria
92%
Country on the Caspian SeaAzerbaijan
89%
Its capital is MontgomeryAlabama
88%
Hosted the 1996 OlympicsAtlanta
76%
When rain mixes with sulfur dioxide and nitrogen oxideAcid rain
75%
Ringed shaped coral reefAtoll
66%
Got independence from France in 1962Algeria
65%
Portuguese is one its Official languagesAngola
64%
World's largest airlineAmerican Airlines
61%
Second largest city in the Horn of AfricaAddis Ababa
60%
Afghanistan, DR of Congo, Vietnam and Ethiopia receive the mostAid
55%
Driest non-polar desertAtacama
55%
Smaller earthquake formed post main earthquakeAftershock
54%
Syrian city inhabited since 4,300 BCAleppo
52%
Ancient Greek settlement found on top a steep hillAcropolis
51%
Largest city in KazakhstanAlmaty
51%
Famed for its 2,200 mile trail in Eastern USAppalachian Mountains
45%
Once called Asia MinorAnatolia
39%
Formerly the 4th largest lake in the WorldAral Sea
37%
Istanbul's main airportAtatürk
34%
Keep ______ WeirdAustin
20%

Score Distribution

Percentile by Number Answered

Percent of People with Each Score

Your Score History

You have not taken this quiz